[Event "1st Stars Cup 2016"]
[Site "Guilan, Iran"]
[Date "2016.07.16"]
[Round "6"]
[Board "5"]
[White "Sokolov, Ivan"]
[Black "Lorparizangeneh, Shahin"]
[Result "1/2-1/2"]
[WhiteElo "2642"]
[BlackElo "2468"]
[PlyCount "0"]
[EventDate "2016.07.11"]
[EventType "team"]
[EventRounds "10"]
[EventCountry "IRI"]
[WhiteTeam "World Stars"]
[BlackTeam "Iran Stars"]

1. e4 {[%clk 1:30:54]} e5 {[%clk 1:30:32]} 2. Nf3 {[%clk 1:31:18]} Nc6
{[%clk 1:30:58]} 3. Bb5 {[%clk 1:31:45]} Nf6 {[%clk 1:31:22]} 4. d3
{[%clk 1:31:42]} Bc5 {[%clk 1:31:46]} 5. c3 {[%clk 1:31:49]} d5 {[%clk 1:30:25]}
6. Nxe5 {[%clk 1:28:37]} O-O {[%clk 1:30:11]} 7. Bxc6 {[%clk 1:22:03]} bxc6
{[%clk 1:29:27]} 8. d4 {[%clk 1:13:26]} Bb6 {[%clk 1:28:28]} 9. O-O
{[%clk 1:05:27]} dxe4 {[%clk 1:17:42]} 10. Nxc6 {[%clk 1:05:29]} Qe8
{[%clk 1:15:00]} 11. Ne5 {[%clk 1:05:49]} c5 {[%clk 1:05:40]} 12. Re1
{[%clk 1:04:21]} Qe6 {[%clk 0:54:04]} 13. Be3 Nd5 14. Nd2 {[%clk 0:50:50]} f5
{[%clk 0:41:21]} 15. Ndc4 {[%clk 0:49:31]} Bb7 {[%clk 0:35:52]} 16. dxc5
{[%clk 0:43:56]} Nxe3 {[%clk 0:29:28]} 17. fxe3 {[%clk 0:42:41]} Bxc5
{[%clk 0:27:24]} 18. Qd7 {[%clk 0:42:55]} Bd5 {[%clk 0:23:48]} 19. Qxe6+
{[%clk 0:42:45]} Bxe6 {[%clk 0:24:17]} 20. Rad1 {[%clk 0:41:23]} Rac8
{[%clk 0:21:15]} 21. a3 {[%clk 0:31:51]} f4 {[%clk 0:15:27]} 22. b4
{[%clk 0:31:34]} Be7 {[%clk 0:15:49]} 23. Nd6 {[%clk 0:29:44]} Rxc3
{[%clk 0:10:58]} 24. exf4 {[%clk 0:28:02]} Rxa3 {[%clk 0:07:15]} 25. Rxe4
{[%clk 0:26:21]} Bb3 {[%clk 0:07:14]} 26. Rdd4 {[%clk 0:24:07]} Bh4
{[%clk 0:06:27]} 27. g3 {[%clk 0:23:56]} Bf6 {[%clk 0:06:54]} 28. Rd2
{[%clk 0:22:11]} Ra4 {[%clk 0:04:39]} 29. Nd7 {[%clk 0:20:55]} Rd8
{[%clk 0:04:41]} 30. Nb7 {[%clk 0:19:29]} Rc8 {[%clk 0:04:59]} 31. Nbc5
{[%clk 0:18:49]} Ra1+ {[%clk 0:05:23]} 32. Kf2 {[%clk 0:19:08]} Bf7
{[%clk 0:05:27]} 33. Nxf6+ {[%clk 0:19:23]} gxf6 {[%clk 0:05:55]} 34. f5
{[%clk 0:15:01]} a5 {[%clk 0:05:10]} 35. Rg4+ {[%clk 0:14:17]} Kh8
{[%clk 0:05:34]} 36. Nb7 {[%clk 0:14:45]} h5 {[%clk 0:05:02]} 37. Rh4
{[%clk 0:15:13]} axb4 {[%clk 0:04:20]} 38. Nd6 {[%clk 0:15:40]} Rc7
{[%clk 0:03:50]} 39. Nxf7+ {[%clk 0:16:03]} Rxf7 {[%clk 0:04:16]} 40. Rxh5+
{[%clk 0:16:30]} Kg7 {[%clk 0:04:42]} 41. Rd4 {[%clk 0:16:44]} Ra2+
{[%clk 0:04:26]} 42. Kf3 {[%clk 0:16:58]} Ra3+ {[%clk 0:04:37]} 43. Kg2
{[%clk 0:17:25]} b3 {[%clk 0:04:10]} 44. h4 {[%clk 0:14:49]} Re7 {[%clk 0:03:15]}
45. Rg4+ {[%clk 0:14:24]} Kf7 {[%clk 0:03:43]} 46. Rb4 {[%clk 0:13:34]} Kg7
{[%clk 0:03:31]} 47. Rb8 {[%clk 0:13:11]} Ra2+ {[%clk 0:00:36]} 48. Kh3
{[%clk 0:13:02]} Re5 {[%clk 0:00:40]} 49. Rbh8 {[%clk 0:12:44]} Rxf5
{[%clk 0:00:59]} 50. R5h7+ {[%clk 0:13:09]} Kg6 {[%clk 0:01:26]} 51. h5+
{[%clk 0:13:32]} Rxh5+ {[%clk 0:01:50]} 52. Rxh5 {[%clk 0:14:00]} Ra1
{[%clk 0:01:31]} 53. R8h6+ {[%clk 0:09:58]} Kg7 {[%clk 0:01:39]} 54. Rh7+
{[%clk 0:10:21]} Kg6 {[%clk 0:00:57]} 55. R5h6+ {[%clk 0:09:14]} Kg5
{[%clk 0:00:57]} 1/2-1/2

[Event "1st Stars Cup 2016"]
[Site "Guilan, Iran"]
[Date "2016.07.16"]
[Round "6"]
[Board "6"]
[White "Miroshnichenko, Evgenij"]
[Black "Ghaem Maghami, Ehsan"]
[Result "1/2-1/2"]
[WhiteElo "2616"]
[BlackElo "2569"]
[PlyCount "0"]
[EventDate "2016.07.11"]
[EventType "team"]
[EventRounds "10"]
[EventCountry "IRI"]
[WhiteTeam "World Stars"]
[BlackTeam "Iran Stars"]

1. Nf3 {[%clk 1:30:54]} Nf6 {[%clk 1:30:21]} 2. c4 {[%clk 1:31:22]} e6
{[%clk 1:30:30]} 3. g3 {[%clk 1:31:34]} d5 {[%clk 1:29:22]} 4. Bg2
{[%clk 1:31:53]} Be7 {[%clk 1:29:27]} 5. O-O {[%clk 1:32:04]} O-O
{[%clk 1:29:47]} 6. d4 {[%clk 1:30:37]} dxc4 {[%clk 1:30:08]} 7. Qa4
{[%clk 1:30:03]} a6 {[%clk 1:30:06]} 8. Qxc4 {[%clk 1:30:15]} b5 {[%clk 1:30:29]}
9. Qc2 {[%clk 1:30:42]} Bb7 {[%clk 1:30:53]} 10. Bg5 {[%clk 1:29:10]} Nbd7
{[%clk 1:21:48]} 11. Bxf6 {[%clk 1:28:37]} Nxf6 {[%clk 1:21:45]} 12. Nbd2
{[%clk 1:29:05]} Rc8 {[%clk 1:21:52]} 13. Nb3 {[%clk 1:29:22]} Be4
{[%clk 1:21:56]} 14. Qc3 {[%clk 1:28:04]} Nd5 {[%clk 1:18:48]} 15. Qd2
{[%clk 1:27:39]} c5 {[%clk 1:16:35]} 16. Nxc5 {[%clk 1:27:22]} Bxc5
{[%clk 1:16:51]} 17. dxc5 {[%clk 1:27:46]} Rxc5 {[%clk 1:17:05]} 18. Rfc1
{[%clk 1:27:11]} Rxc1+ {[%clk 1:16:16]} 19. Rxc1 {[%clk 1:27:34]} Qa8
{[%clk 1:16:40]} 20. Qd4 {[%clk 1:25:13]} Nf6 {[%clk 1:16:27]} 21. h3
{[%clk 1:25:08]} Rd8 {[%clk 1:08:03]} 22. Qb6 {[%clk 1:19:07]} h6
{[%clk 1:07:32]} 23. Qa5 {[%clk 1:04:19]} Bd5 {[%clk 0:59:57]} 24. Ne1
{[%clk 1:01:06]} Bxg2 25. Nxg2 {[%clk 1:01:32]} Rc8 1/2-1/2

[Event "1st Stars Cup 2016"]
[Site "Guilan, Iran"]
[Date "2016.07.16"]
[Round "6"]
[Board "7"]
[White "Mousavi, Seyed Khalil"]
[Black "Lu, Shanglei"]
[Result "0-1"]
[WhiteElo "2432"]
[BlackElo "2611"]
[PlyCount "0"]
[EventDate "2016.07.11"]
[EventType "team"]
[EventRounds "10"]
[EventCountry "IRI"]
[WhiteTeam "Iran Stars"]
[BlackTeam "World Stars"]

1. d4 {[%clk 1:30:52]} Nf6 {[%clk 1:29:51]} 2. Nf3 {[%clk 1:29:30]} e6
{[%clk 1:28:18]} 3. g3 {[%clk 1:25:01]} b5 {[%clk 1:28:15]} 4. Bg2
{[%clk 1:23:35]} Bb7 {[%clk 1:28:35]} 5. O-O {[%clk 1:19:40]} d5 {[%clk 1:28:24]}
6. Ne5 {[%clk 1:16:39]} Nbd7 {[%clk 1:27:14]} 7. a4 {[%clk 1:14:05]} b4
{[%clk 1:23:21]} 8. c4 {[%clk 1:11:18]} bxc3 {[%clk 1:22:41]} 9. Nxd7
{[%clk 1:03:53]} Qxd7 {[%clk 1:22:24]} 10. Nxc3 {[%clk 1:04:13]} Be7
{[%clk 1:22:24]} 11. a5 {[%clk 1:02:06]} O-O {[%clk 1:19:16]} 12. Bf4
{[%clk 1:00:21]} Ba6 {[%clk 1:15:35]} 13. Re1 {[%clk 0:50:43]} Rab8
{[%clk 1:12:05]} 14. Qc2 Rb4 15. Rad1 {[%clk 0:40:00]} Rfb8 {[%clk 1:04:02]} 16.
Rd2 {[%clk 0:40:07]} R8b7 {[%clk 0:58:42]} 17. e4 {[%clk 0:36:49]} c6
{[%clk 0:58:54]} 18. Bg5 {[%clk 0:30:52]} h6 {[%clk 0:49:10]} 19. Bxf6
{[%clk 0:30:11]} Bxf6 {[%clk 0:48:32]} 20. e5 {[%clk 0:26:46]} Be7
{[%clk 0:46:46]} 21. Bf1 {[%clk 0:26:04]} Bxf1 {[%clk 0:46:45]} 22. Rxf1
{[%clk 0:25:31]} Qc7 {[%clk 0:46:28]} 23. Ra1 {[%clk 0:24:58]} c5
{[%clk 0:44:19]} 24. Ne2 {[%clk 0:11:22]} Rc4 {[%clk 0:41:36]} 25. Qd3
{[%clk 0:10:55]} cxd4 {[%clk 0:41:50]} 26. b3 {[%clk 0:10:13]} Rc5
{[%clk 0:40:41]} 27. Nxd4 {[%clk 0:08:46]} Qxe5 {[%clk 0:41:05]} 28. Rb1
{[%clk 0:08:15]} Bf6 {[%clk 0:39:36]} 29. a6 {[%clk 0:05:10]} Rb6
{[%clk 0:39:14]} 30. Ne2 {[%clk 0:05:28]} Rcc6 {[%clk 0:32:45]} 31. b4
{[%clk 0:05:08]} Qb8 {[%clk 0:32:35]} 32. b5 {[%clk 0:04:38]} Rc4
{[%clk 0:32:25]} 33. Rdd1 {[%clk 0:04:00]} g5 {[%clk 0:29:55]} 34. Qe3
{[%clk 0:02:50]} Rxb5 {[%clk 0:27:29]} 35. Rxb5 {[%clk 0:03:07]} Qxb5
{[%clk 0:27:54]} 36. Qxa7 {[%clk 0:03:31]} Ra4 {[%clk 0:28:08]} 0-1

[Event "1st Stars Cup 2016"]
[Site "Guilan, Iran"]
[Date "2016.07.16"]
[Round "6"]
[Board "9"]
[White "Maghsoodloo, Parham"]
[Black "Ehlvest, Jaan"]
[Result "1-0"]
[WhiteElo "2501"]
[BlackElo "2524"]
[PlyCount "0"]
[EventDate "2016.07.11"]
[EventType "team"]
[EventRounds "10"]
[EventCountry "IRI"]
[WhiteTeam "Iran Stars"]
[BlackTeam "World Stars"]

1. Nf3 {[%clk 1:30:09]} g6 {[%clk 1:30:22]} 2. g3 {[%clk 1:28:38]} Bg7
{[%clk 1:30:33]} 3. d4 {[%clk 1:27:55]} c5 {[%clk 1:28:32]} 4. Bg2
{[%clk 1:27:30]} cxd4 {[%clk 1:27:50]} 5. Nxd4 {[%clk 1:27:41]} Nc6
{[%clk 1:28:14]} 6. Nb3 {[%clk 1:27:54]} b6 {[%clk 1:23:01]} 7. O-O
{[%clk 1:25:24]} Bb7 {[%clk 1:23:26]} 8. a4 {[%clk 1:25:48]} Nf6 {[%clk 1:22:35]}
9. e4 {[%clk 1:22:08]} d6 {[%clk 1:20:19]} 10. Bd2 {[%clk 1:18:45]} O-O
{[%clk 1:00:46]} 11. Re1 {[%clk 1:16:40]} Rb8 {[%clk 0:54:52]} 12. Bc3
{[%clk 1:10:20]} a6 {[%clk 0:42:13]} 13. Na3 Qc7 14. Qe2 {[%clk 1:03:41]} Rbc8
{[%clk 0:35:52]} 15. Nc4 {[%clk 0:56:00]} Nd7 {[%clk 0:31:13]} 16. Bxg7
{[%clk 0:55:36]} Kxg7 {[%clk 0:31:39]} 17. Ne3 {[%clk 0:53:31]} e6
{[%clk 0:31:00]} 18. c3 {[%clk 0:51:50]} Nf6 {[%clk 0:30:57]} 19. f4
{[%clk 0:48:17]} Ne7 {[%clk 0:27:27]} 20. Nd2 {[%clk 0:47:44]} Rfd8
{[%clk 0:24:06]} 21. Kh1 {[%clk 0:42:06]} e5 {[%clk 0:19:31]} 22. c4
{[%clk 0:37:37]} exf4 {[%clk 0:18:14]} 23. gxf4 {[%clk 0:38:05]} Re8
{[%clk 0:18:17]} 24. Qd3 {[%clk 0:34:13]} Qc5 {[%clk 0:14:02]} 25. Bf3
{[%clk 0:32:42]} b5 {[%clk 0:12:09]} 26. axb5 {[%clk 0:27:32]} axb5
{[%clk 0:12:07]} 27. b4 {[%clk 0:26:44]} Qb6 {[%clk 0:10:46]} 28. Ra5
{[%clk 0:24:55]} bxc4 {[%clk 0:08:56]} 29. Ndxc4 {[%clk 0:22:47]} Qc7
{[%clk 0:07:23]} 30. Nxd6 {[%clk 0:22:16]} Red8 {[%clk 0:04:42]} 31. Nec4
{[%clk 0:21:24]} Nc6 {[%clk 0:04:56]} 32. Ra4 {[%clk 0:19:01]} Ra8
{[%clk 0:04:23]} 33. Rxa8 {[%clk 0:18:38]} Bxa8 {[%clk 0:04:51]} 34. Qc3
{[%clk 0:17:52]} Ne7 {[%clk 0:03:00]} 35. Qe5 {[%clk 0:14:52]} Qa7
{[%clk 0:03:28]} 36. Bg2 {[%clk 0:13:02]} Neg8 {[%clk 0:01:46]} 37. b5
{[%clk 0:12:09]} Qf2 {[%clk 0:02:03]} 38. Rf1 {[%clk 0:12:15]} Qe2
{[%clk 0:02:23]} 39. Kg1 {[%clk 0:11:42]} Kf8 {[%clk 0:01:50]} 40. h3
{[%clk 0:07:28]} Ne8 {[%clk 0:01:22]} 41. f5 {[%clk 0:05:47]} gxf5
{[%clk 0:00:43]} 42. Qxf5 {[%clk 0:06:01]} Nxd6 {[%clk 0:00:41]} 43. Nxd6
{[%clk 0:06:29]} Qe3+ {[%clk 0:00:47]} 44. Kh2 {[%clk 0:05:47]} Nh6
{[%clk 0:01:00]} 45. Qf6 {[%clk 0:06:04]} 1-0

[Event "1st Stars Cup 2016"]
[Site "Guilan, Iran"]
[Date "2016.07.16"]
[Round "6"]
[Board "10"]
[White "Darini, Pouria"]
[Black "Vakhidov, Jahongir"]
[Result "1-0"]
[WhiteElo "2524"]
[BlackElo "2586"]
[PlyCount "0"]
[EventDate "2016.07.11"]
[EventType "team"]
[EventRounds "10"]
[EventCountry "IRI"]
[WhiteTeam "Iran Stars"]
[BlackTeam "World Stars"]

1. e4 {[%clk 1:30:50]} e6 {[%clk 1:29:23]} 2. d4 {[%clk 1:31:02]} d5
{[%clk 1:29:47]} 3. Nc3 {[%clk 1:31:12]} Nf6 {[%clk 1:30:09]} 4. e5
{[%clk 1:31:08]} Nfd7 {[%clk 1:30:31]} 5. f4 {[%clk 1:31:31]} c5 {[%clk 1:30:54]}
6. Nf3 {[%clk 1:31:56]} Nc6 {[%clk 1:31:17]} 7. Be3 {[%clk 1:32:21]} cxd4
{[%clk 1:29:45]} 8. Nxd4 {[%clk 1:32:47]} Qb6 {[%clk 1:30:09]} 9. Qd2
{[%clk 1:32:59]} Qxb2 {[%clk 1:30:34]} 10. Rb1 {[%clk 1:33:25]} Qa3
{[%clk 1:30:59]} 11. Bb5 {[%clk 1:33:40]} Nxd4 {[%clk 1:31:22]} 12. Bxd4
{[%clk 1:34:04]} a6 {[%clk 1:31:47]} 13. Bxd7+ {[%clk 1:34:21]} Bxd7
{[%clk 1:32:15]} 14. Rb3 {[%clk 1:34:41]} Qa5 {[%clk 1:32:39]} 15. Bb6
{[%clk 1:34:07]} Qb4 {[%clk 1:33:02]} 16. Rxb4 {[%clk 1:34:30]} Bxb4
{[%clk 1:33:30]} 17. Qd4 {[%clk 1:34:15]} Bxc3+ {[%clk 1:33:14]} 18. Qxc3
{[%clk 1:34:40]} Rc8 {[%clk 1:33:41]} 19. Qa3 {[%clk 1:34:01]} Rc6
{[%clk 1:33:34]} 20. Bf2 {[%clk 1:33:54]} f6 {[%clk 1:33:51]} 21. exf6
{[%clk 1:34:02]} gxf6 {[%clk 1:34:18]} 22. Bd4 {[%clk 1:33:01]} Rf8
{[%clk 1:34:35]} 23. Qb2 {[%clk 1:31:54]} 1-0

[Event "1st Stars Cup 2016"]
[Site "Guilan, Iran"]
[Date "2016.07.17"]
[Round "7"]
[Board "1"]
[White "Sargissian, Gabriel"]
[Black "Khademalsharieh, Sarasadat"]
[Result "1-0"]
[WhiteElo "2679"]
[BlackElo "2445"]
[PlyCount "0"]
[EventDate "2016.07.11"]
[EventType "team"]
[EventRounds "10"]
[EventCountry "IRI"]
[WhiteTeam "World Stars"]
[BlackTeam "Iran Stars"]

1. d4 {[%clk 1:30:56]} Nf6 {[%clk 1:30:51]} 2. c4 {[%clk 1:31:13]} e6
{[%clk 1:31:11]} 3. Nf3 {[%clk 1:31:39]} b6 {[%clk 1:31:31]} 4. g3
{[%clk 1:32:02]} Bb7 {[%clk 1:31:46]} 5. Bg2 {[%clk 1:32:26]} Be7
{[%clk 1:32:02]} 6. O-O {[%clk 1:32:47]} O-O {[%clk 1:32:27]} 7. Re1
{[%clk 1:32:40]} Ne4 {[%clk 1:26:51]} 8. Nfd2 {[%clk 1:32:10]} d5
{[%clk 1:27:17]} 9. cxd5 {[%clk 1:32:09]} exd5 {[%clk 1:27:39]} 10. Nxe4
{[%clk 1:32:34]} dxe4 {[%clk 1:28:03]} 11. Nc3 {[%clk 1:32:57]} f5
{[%clk 1:28:08]} 12. Bf4 {[%clk 1:33:21]} Bd6 {[%clk 1:27:03]} 13. Bxd6
{[%clk 1:33:12]} Qxd6 {[%clk 1:26:23]} 14. Rc1 {[%clk 1:24:34]} a6
{[%clk 1:23:31]} 15. e3 {[%clk 1:19:22]} Nd7 {[%clk 1:22:04]} 16. Qb3+
{[%clk 1:17:33]} Kh8 {[%clk 1:22:24]} 17. a4 {[%clk 1:17:32]} Rac8
{[%clk 1:16:04]} 18. Red1 {[%clk 1:15:00]} Nf6 {[%clk 1:13:01]} 19. a5
{[%clk 1:14:40]} b5 {[%clk 1:05:17]} 20. h4 {[%clk 1:14:10]} h6 {[%clk 1:01:40]}
21. Bh3 {[%clk 1:11:16]} Nd5 {[%clk 1:01:04]} 22. Ne2 {[%clk 1:02:24]} g5
{[%clk 0:58:44]} 23. Rc5 {[%clk 1:01:51]} Rcd8 {[%clk 0:47:14]} 24. hxg5
{[%clk 0:49:07]} hxg5 {[%clk 0:47:17]} 25. Kf1 {[%clk 0:49:15]} f4
{[%clk 0:38:40]} 26. exf4 {[%clk 0:43:48]} gxf4 {[%clk 0:35:35]} 27. gxf4
{[%clk 0:40:26]} Nxf4 {[%clk 0:24:40]} 28. Qg3 {[%clk 0:37:29]} Qh6
{[%clk 0:17:20]} 29. Nxf4 {[%clk 0:28:57]} Rxf4 {[%clk 0:17:32]} 30. Ke2
{[%clk 0:19:33]} Rdf8 {[%clk 0:00:53]} 31. Rf1 {[%clk 0:19:37]} Rg8
{[%clk 0:00:34]} 32. Qe3 {[%clk 0:18:51]} Qh4 {[%clk 0:00:59]} 33. Rh1
{[%clk 0:15:22]} Rf3 {[%clk 0:01:07]} 34. Bg2 {[%clk 0:15:38]} Rxe3+
{[%clk 0:01:35]} 35. Kxe3 {[%clk 0:16:02]} Qxh1 {[%clk 0:02:02]} 36. Bxh1
{[%clk 0:16:27]} Rg1 {[%clk 0:02:26]} 37. Rxc7 {[%clk 0:16:28]} Bd5
{[%clk 0:02:03]} 38. Rd7 {[%clk 0:16:27]} Bc6 {[%clk 0:01:48]} 39. Rd6
{[%clk 0:14:58]} Rc1 {[%clk 0:00:39]} 40. Kd2 {[%clk 0:14:11]} Rxh1
{[%clk 0:01:03]} 41. Rxc6 {[%clk 0:14:34]} Rb1 {[%clk 0:01:24]} 42. Rxa6
{[%clk 0:14:41]} Rxb2+ {[%clk 0:01:49]} 43. Ke3 {[%clk 0:15:01]} 1-0

[Event "1st Stars Cup 2016"]
[Site "Guilan, Iran"]
[Date "2016.07.17"]
[Round "7"]
[Board "2"]
[White "Pourramezanali, Amirreza"]
[Black "Dreev, Aleksey"]
[Result "1/2-1/2"]
[WhiteElo "2509"]
[BlackElo "2664"]
[PlyCount "0"]
[EventDate "2016.07.11"]
[EventType "team"]
[EventRounds "10"]
[EventCountry "IRI"]
[WhiteTeam "Iran Stars"]
[BlackTeam "World Stars"]

1. d4 {[%clk 1:30:57]} d5 {[%clk 1:30:40]} 2. c4 {[%clk 1:31:21]} e6
{[%clk 1:31:04]} 3. Nf3 {[%clk 1:31:47]} Nf6 {[%clk 1:31:11]} 4. Nc3
{[%clk 1:32:13]} Nbd7 {[%clk 1:30:50]} 5. Bg5 {[%clk 1:30:37]} h6
{[%clk 1:27:03]} 6. Bh4 {[%clk 1:30:51]} Be7 {[%clk 1:26:31]} 7. e3
{[%clk 1:31:15]} O-O {[%clk 1:25:17]} 8. Rc1 {[%clk 1:30:22]} c6 {[%clk 1:24:56]}
9. cxd5 {[%clk 1:28:37]} exd5 {[%clk 1:18:52]} 10. Bd3 {[%clk 1:24:20]} Ne4
{[%clk 1:15:55]} 11. Bxe7 {[%clk 1:24:37]} Qxe7 {[%clk 1:16:19]} 12. O-O
{[%clk 1:24:42]} Ndf6 {[%clk 1:13:53]} 13. Ne5 {[%clk 1:22:30]} Bf5
{[%clk 1:12:44]} 14. Qc2 {[%clk 1:19:53]} Rfe8 {[%clk 1:10:13]} 15. f3
{[%clk 1:15:56]} Nxc3 {[%clk 1:09:41]} 16. bxc3 {[%clk 1:15:45]} Bxd3
{[%clk 1:09:07]} 17. Qxd3 {[%clk 1:16:05]} c5 {[%clk 1:08:18]} 18. Rfe1
{[%clk 0:47:34]} Rac8 {[%clk 1:04:35]} 19. Rb1 {[%clk 0:44:20]} Rc7
{[%clk 1:02:30]} 20. Qb5 {[%clk 0:43:16]} Rec8 {[%clk 0:54:36]} 21. a4
{[%clk 0:40:26]} Ne8 {[%clk 0:50:40]} 22. Qb3 {[%clk 0:36:08]} Qe6
{[%clk 0:49:40]} 23. e4 {[%clk 0:31:29]} Nf6 {[%clk 0:47:51]} 24. exd5
{[%clk 0:31:41]} Qxd5 {[%clk 0:42:58]} 25. Ng4 {[%clk 0:32:04]} Qxb3
{[%clk 0:36:44]} 26. Nxf6+ {[%clk 0:32:14]} gxf6 {[%clk 0:37:09]} 27. Rxb3
{[%clk 0:32:41]} cxd4 {[%clk 0:36:49]} 28. cxd4 {[%clk 0:33:09]} Rd7
{[%clk 0:36:56]} 29. a5 {[%clk 0:27:03]} Rc2 {[%clk 0:34:23]} 30. Reb1
{[%clk 0:26:30]} Rxd4 {[%clk 0:28:16]} 31. Rxb7 {[%clk 0:26:49]} Rdd2
{[%clk 0:28:24]} 32. Kh1 {[%clk 0:27:05]} Rxg2 {[%clk 0:27:21]} 33. Rg1
{[%clk 0:27:24]} Rxg1+ {[%clk 0:23:39]} 34. Kxg1 {[%clk 0:27:20]} Ra2
{[%clk 0:23:47]} 35. Rxa7 {[%clk 0:27:44]} Kg7 {[%clk 0:24:10]} 36. a6
{[%clk 0:27:15]} Kg6 {[%clk 0:22:31]} 37. h3 {[%clk 0:24:20]} Kg5
{[%clk 0:20:24]} 38. Rxf7 {[%clk 0:18:09]} Rxa6 {[%clk 0:19:57]} 39. Kg2
{[%clk 0:17:02]} h5 {[%clk 0:11:51]} 40. Rh7 {[%clk 0:15:58]} Ra4
{[%clk 0:07:49]} 41. Kg3 {[%clk 0:14:51]} h4+ {[%clk 0:06:53]} 42. Kf2
{[%clk 0:15:07]} f5 {[%clk 0:07:04]} 43. Rh8 {[%clk 0:13:20]} Ra2+
{[%clk 0:06:07]} 44. Ke3 {[%clk 0:13:25]} Ra3+ {[%clk 0:06:19]} 45. Kf2
{[%clk 0:13:37]} Ra2+ {[%clk 0:06:36]} 46. Ke3 {[%clk 0:14:02]} Ra3+
{[%clk 0:06:38]} 47. Ke4 1/2-1/2

[Event "1st Stars Cup 2016"]
[Site "Guilan, Iran"]
[Date "2016.07.17"]
[Round "7"]
[Board "3"]
[White "Ghaem Maghami, Ehsan"]
[Black "Edouard, Romain"]
[Result "1/2-1/2"]
[WhiteElo "2569"]
[BlackElo "2639"]
[PlyCount "0"]
[EventDate "2016.07.11"]
[EventType "team"]
[EventRounds "10"]
[EventCountry "IRI"]
[WhiteTeam "Iran Stars"]
[BlackTeam "World Stars"]

1. c4 {[%clk 1:30:51]} e5 {[%clk 1:30:44]} 2. Nc3 {[%clk 1:31:01]} Nf6
{[%clk 1:31:09]} 3. Nf3 {[%clk 1:30:48]} Nc6 {[%clk 1:31:35]} 4. e4
{[%clk 1:27:55]} Bb4 {[%clk 1:31:40]} 5. d3 {[%clk 1:28:09]} d6 {[%clk 1:32:07]}
6. a3 {[%clk 1:28:22]} Bc5 {[%clk 1:32:33]} 7. b4 {[%clk 1:28:37]} Bb6
{[%clk 1:32:59]} 8. Na4 {[%clk 1:28:55]} Bg4 {[%clk 1:33:06]} 9. Nxb6
{[%clk 1:29:16]} Bxf3 {[%clk 1:30:50]} 10. Qxf3 {[%clk 1:29:15]} Nd4
{[%clk 1:31:17]} 11. Qd1 {[%clk 1:29:38]} axb6 {[%clk 1:31:44]} 12. Be2
{[%clk 1:28:20]} Qe7 {[%clk 1:30:24]} 13. O-O {[%clk 1:26:26]} c5
{[%clk 1:26:22]} 14. Bb2 {[%clk 1:25:40]} g5 {[%clk 1:20:30]} 15. Bxd4
{[%clk 1:12:23]} 1/2-1/2

[Event "1st Stars Cup 2016"]
[Site "Guilan, Iran"]
[Date "2016.07.17"]
[Round "7"]
[Board "4"]
[White "Idani, Pouya"]
[Black "Short, Nigel D"]
[Result "0-1"]
[WhiteElo "2560"]
[BlackElo "2652"]
[PlyCount "0"]
[EventDate "2016.07.11"]
[EventType "team"]
[EventRounds "10"]
[EventCountry "IRI"]
[WhiteTeam "Iran Stars"]
[BlackTeam "World Stars"]

1. c4 {[%clk 1:30:59]} e5 {[%clk 1:29:14]} 2. d3 {[%clk 1:31:17]} f5
{[%clk 1:27:32]} 3. g3 {[%clk 1:30:46]} Nf6 {[%clk 1:26:31]} 4. Bg2
{[%clk 1:31:14]} Bb4+ {[%clk 1:25:29]} 5. Bd2 {[%clk 1:31:00]} a5
{[%clk 1:25:27]} 6. Nc3 {[%clk 1:29:13]} O-O {[%clk 1:24:10]} 7. e3
{[%clk 1:24:40]} f4 {[%clk 1:06:18]} 8. exf4 {[%clk 1:21:59]} exf4
{[%clk 1:06:34]} 9. Bxf4 {[%clk 1:22:15]} d5 {[%clk 1:06:58]} 10. Nge2
{[%clk 1:01:01]} d4 {[%clk 1:05:12]} 11. a3 {[%clk 1:01:22]} dxc3
{[%clk 1:05:36]} 12. axb4 {[%clk 1:01:50]} cxb2 {[%clk 1:05:56]} 13. Ra2
{[%clk 1:02:11]} Na6 {[%clk 1:00:05]} 14. Rxb2 {[%clk 1:01:56]} Nxb4
{[%clk 1:00:28]} 15. d4 {[%clk 1:01:59]} c6 {[%clk 0:59:33]} 16. O-O
{[%clk 0:54:54]} Be6 {[%clk 0:59:08]} 17. d5 {[%clk 0:55:21]} cxd5
{[%clk 0:59:27]} 18. Nd4 {[%clk 0:53:30]} Bf7 {[%clk 0:56:27]} 19. Nb5
{[%clk 0:50:48]} dxc4 {[%clk 0:52:21]} 20. Qxd8 {[%clk 0:43:30]} Raxd8
{[%clk 0:43:27]} 21. Bc7 {[%clk 0:42:28]} Rd7 {[%clk 0:43:07]} 22. Bxa5
{[%clk 0:42:18]} Nd3 {[%clk 0:43:28]} 23. Rc2 {[%clk 0:41:46]} Ra8
{[%clk 0:36:59]} 24. Bd2 {[%clk 0:35:00]} Ra4 {[%clk 0:33:55]} 25. Nc3
{[%clk 0:31:56]} Ra3 {[%clk 0:33:47]} 26. Be3 {[%clk 0:27:59]} Rb3
{[%clk 0:31:07]} 27. Ra1 {[%clk 0:27:09]} Rd8 {[%clk 0:31:31]} 28. Ra5
{[%clk 0:20:27]} Ne1 {[%clk 0:27:45]} 29. Rd2 {[%clk 0:20:12]} Rxd2
{[%clk 0:28:08]} 30. Bxd2 {[%clk 0:20:35]} Nxg2 {[%clk 0:28:28]} 31. Ra8+
{[%clk 0:21:02]} Be8 {[%clk 0:26:34]} 32. Ne4 {[%clk 0:21:22]} Kf7
{[%clk 0:26:57]} 33. Nd6+ {[%clk 0:20:52]} Ke7 {[%clk 0:27:21]} 34. Nxc4
{[%clk 0:21:15]} Ne1 {[%clk 0:25:55]} 0-1